Normal view MARC view

Entry Personal Name

Number of records used in: 1

001 - CONTROL NUMBER

  • control field: 1513

003 - CONTROL NUMBER IDENTIFIER

  • control field: DLC

005 - DATE AND TIME OF LATEST TRANSACTION

  • control field: 20200124140752.0

008 - FIXED-LENGTH DATA ELEMENTS

  • fixed length control field: 000201n| acannaabn |n aaa c

010 ## - LIBRARY OF CONGRESS CONTROL NUMBER

  • LC control number: nr 00003451

040 ## - CATALOGING SOURCE

  • Original cataloging agency: NIC
  • Language of cataloging: eng
  • Transcribing agency: NIC
  • Modifying agency: DLC

100 1# - HEADING--PERSONAL NAME

  • Personal name: Feinman, Todd M.

670 ## - SOURCE DATA FOUND

  • Source citation: Electronic commerce, c2000:
  • Information found: t.p. (Todd M. Feinman; PricewaterhouseCoopers LLP, New York)

Powered by Koha